| 000 | 02501cam a2200409 i 4500 | ||
|---|---|---|---|
| 001 | 10497536 | ||
| 003 | USPCAS-E | ||
| 005 | 20180118181416.0 | ||
| 006 | m d | ||
| 007 | cr n | ||
| 008 | 121018t20132013xx a sb 001 0 eng d | ||
| 020 | _a0470873663 | ||
| 020 | _a9780470873663 | ||
| 035 | _a(WaSeSS)ssj0000904902 | ||
| 040 |
_aDLC _beng _cDLC _erda _dDLC _dWaSeSS |
||
| 042 | _apcc | ||
| 050 | 4 |
_aTJ810 _b.D82 2013 |
|
| 050 | 4 | _aTJ810.D82 2013 | |
| 082 |
_223 _a621.47 _bDUF-S 2013 |
||
| 100 | 1 | _aDuffie, John A. | |
| 210 | 1 | 0 | _aSolar engineering of thermal processes / John A. Duffie, William A. Beckman. |
| 245 | 1 | 0 | _aSolar engineering of thermal processes / John A. Duffie, William A. Beckman. |
| 250 | _a4th ed. | ||
| 260 |
_aNew Jersey: _bWiley, _c2013 |
||
| 502 | _a. | ||
| 504 | _aIncludes bibliographical references and index. | ||
| 505 | 0 | _apt. 1. Fundamentals. Solar radiation -- Available solar radiation -- Selected heat transfer topics -- Radiation characteristics of opaque materials -- Radiation transmission through glazing: absorbed radiation -- Flat-plate collectors -- Concentrating collectors -- Energy storage -- Solar process loads -- System thermal calculations -- Solar process economics -- pt. 2. Applications. Solar water heating: active and passive -- Building heating: active -- Building heating: passive and hybrid methods -- Solar cooling -- Solar industrial process heat -- Solar thread power systems -- Solar ponds: evaporative processes -- pt. 3. Design methods. Simulations in solar process design -- Design of active systems: f-chart -- Design of active systems by utilizability methods -- Design of passive and hybrid heating systems -- Design of photovoltaic systems -- Wind energy -- Appendix A: Problems -- Appendix B: Nomenclature -- Appendix C: International system of units -- Appendix D: Meteorological data -- Appendix E: Average shading factors for overhangs. | |
| 506 | _aLicense restrictions may limit access. | ||
| 650 | 0 | _aSolar energy. | |
| 700 | 1 | _aBeckman, William A. | |
| 773 | 0 | _tSafari Technical Books (Current File) | |
| 773 | 0 | _tWiley-Blackwell Online Books | |
| 856 | 4 | 0 |
_uhttp://www.columbia.edu/cgi-bin/cul/resolve?clio10497536.001 _zFull text available from Safari Technical Books (Current File) |
| 856 | 4 | 0 |
_uhttp://www.columbia.edu/cgi-bin/cul/resolve?clio10497536.002 _zFull text available from Wiley-Blackwell Online Books |
| 910 | _aLibrary of Congress record | ||
| 942 |
_2ddc _cBK |
||
| 999 |
_c355870 _d355870 |
||